CS:GO teams that competed in multiple majors - Statistics

General Stats
  • This quiz has been taken 129 times
    123 since last reset
  • The average score is 35 of 59
Answer Stats
First appearance Times participated Best result Team % Correct
DreamHack Winter 2013 16 Winner Ninjas in Pyjamas
100%
DreamHack Winter 2013 16 Winner Fnatic
97%
ESL Major Series One Katowice 2014 13 Winner Virtus.pro
97%
MLG Major Championship: Columbus 2016 10 Winner Astralis
93%
ESL One: Cologne 2014 12 (and 1 forfeited) Winner Cloud9
93%
MLG Major Championship: Columbus 2016 12 Winner FaZe Clan
93%
DreamHack Open Cluj-Napoca 2015 12 Runner-up G2 Esports
93%
DreamHack Winter 2013 19 Winner Natus Vincere
93%
Intel Extreme Masters Season XIII - Katowice Major 2019 6 Winner Team Vitality
93%
ELEAGUE Major: Atlanta 2017 7 Winner Gambit Esports
86%
ESL One: Cologne 2015 3 Winner Luminosity Gaming
86%
Intel Extreme Masters Season XIII - Katowice Major 2019 6 Runner-up ENCE
83%
DreamHack Winter 2013 5 Winner SK Gaming
83%
ESL One: Katowice 2015 7 Winner Team EnVyUs
83%
ESL Major Series One Katowice 2014 3 Winner Team LDLC.com
83%
DreamHack Open Cluj-Napoca 2015 12 Runner-up Team Liquid
83%
ESL Major Series One Katowice 2014 5 9th-12th Titan
79%
DreamHack Winter 2013 7 3rd-4th compLexity Gaming
72%
Intel Extreme Masters Season XIII - Katowice Major 2019 6 3rd-4th FURIA Esports
72%
ESL Major Series One Katowice 2014 13 3rd-4th mousesports / MOUZ
72%
PGL Major Antwerp 2022 2 Winner Outsiders
72%
Intel Extreme Masters Rio Major 2022 2 Runner-up GamerLegion
69%
ESL One: Cologne 2015 7 3rd-4th Renegades
69%
FACEIT Major: London 2018 4 3rd-4th MIBR
66%
FACEIT Major: London 2018 4 12th-14th TYLOO
66%
PGL Major Stockholm 2021 4 Runner-up Heroic
62%
PGL Major Stockholm 2021 2 17th-19th paiN Gaming
62%
PGL Major Kraków 2017 7 5th-8th BIG
59%
FACEIT Major: London 2018 5 3rd-4th Team Spirit
59%
ELEAGUE Major: Boston 2018 3 Runner-up AVANGAR
55%
ESL Major Series One Katowice 2014 5 3rd-4th Team Dignitas
55%
ESL One: Katowice 2015 3 3rd-4th Team SoloMid
55%
PGL Major Stockholm 2021 2 Legends Evil Geniuses
52%
DreamHack Winter 2014 9 9th-11th FlipSid3 Tactics
52%
Intel Extreme Masters Season XIII - Katowice Major 2019 4 17th-19th Grayhound Gaming
52%
ELEAGUE Major: Atlanta 2017 5 5th-8th North
52%
Intel Extreme Masters Season XIII - Katowice Major 2019 2 3rd-4th NRG Esports
52%
ESL Major Series One Katowice 2014 8 5th-8th HellRaisers
48%
DreamHack Winter 2013 3 3rd-4th LGB eSports
45%
ESL One: Cologne 2016 3 12th-14th OpTic Gaming
45%
DreamHack Winter 2013 4 9th-12th Team iBUYPOWER
45%
PGL Major Stockholm 2021 2 5th-8th Copenhagen Flames
41%
PGL Major Antwerp 2022 2 Contenders Imperial Esports
41%
DreamHack Winter 2013 3 5th-8th Copenhagen Wolves
38%
StarLadder Berlin Major 2019 3 17th-19th FORZE Esports
38%
PGL Major Antwerp 2022 2 Contenders 9z Team
34%
ESL One: Katowice 2015 5 5th-8th Counter Logic Gaming
34%
DreamHack Winter 2014 3 5th-8th PENTA Sports
34%
ELEAGUE Major: Boston 2018 2 Legends Sprout
34%
PGL Major Kraków 2017 4 9th-11th Vega Squadron
31%
ESL Major Series One Katowice 2014 3 9th-12th Vox Eminor
31%
ESL Major Series One Katowice 2014 2 9th-12th 3DMAX
28%
ELEAGUE Major: Atlanta 2017 2 9th-11th GODSENT
28%
ELEAGUE Major: Boston 2018 2 9th-11th Space Soldiers
28%
DreamHack Winter 2013 2 9th-12th Clan-Mystik
24%
PGL Major Antwerp 2022 2 Contenders IHC Esports
24%
DreamHack Winter 2013 2 9th-12th Reason Gaming
24%
FACEIT Major: London 2018 2 15th-16th Winstrike Team
24%
PGL Major Antwerp 2022 3 12th-14th Bad News Eagles
21%
No matching quizzes found
Score Distribution
Percent of People with Each Score
Percentile by Number Answered
Your Score History
You have not taken this quiz since the last reset